Nice - Jetée-Promenade par un coup de mer

Zobrazenie: V bielom orámovaní pohľad more, promenádu a budovu

Bibliographic Details
Format: Photo
Language:French
PhysicalDescription:1 pohľadnica tónovaná do červena 9 x 14 cm
Published: Nice Edition Giletta phot. [1927?]
Subjects:

MARC

LEADER 00000nkm a2200000 a 4500
001 vtls011828402
003 SK-MaSNL
005 20260301144825.0
007 kf ao
008 200701q1927 fr g 0k|fre
015 |a SNBG1927 
040 |a SNK  |b slo  |c SNK  |e AACR2 
041 0 |a fre 
043 |a e-fr--- 
044 |a fr  |c FR 
072 7 |a 913(4)  |x Geografia Európy, reálie, cestovanie  |2 konspekt 
080 |a 913(4)  |2 2011 
080 |a (44)  |2 2011 
080 |a (084.121)  |2 2011 
245 0 0 |a Nice - Jetée-Promenade par un coup de mer  |h grafika 
260 |a Nice  |b Edition Giletta phot.  |c [1927?] 
300 |a 1 pohľadnica  |b tónovaná do červena  |c 9 x 14 cm 
500 |a Číslo záberu 107 
520 8 |a Zobrazenie: V bielom orámovaní pohľad more, promenádu a budovu 
651 7 |a Nice (Francúzsko)  |2 SNKPHgeo  |9 31461 
655 7 |a pohľadnice  |2 SNKPH  |9 70741 
958 |a GBN 
958 |a GC 
999 |c 778304  |d 780234 
952 |a SNK  |b SNK  |y PREZ  |7 0  |p 17A1294292  |o snkSP 56705  |z Pohľadnica prešla poštou.  |0 0  |1 0  |4 0  |d 2018-12-07  |l 0  |r 2026-02-24 00:56:13  |w 2026-02-24